| 000 | 01172nam a22003258a 4500 | ||
|---|---|---|---|
| 001 | 015690038 | ||
| 003 | EG-ScBUE | ||
| 005 | 20220126140859.0 | ||
| 008 | 101103r20112005enk f 000 f eng d | ||
| 020 | _a000719031X | ||
| 020 | _a9780007190317 | ||
| 040 |
_aStDuBDS _beng _erda _cStDuBDS _dEG-ScBUE |
||
| 082 | 0 | 4 |
_a823.914 _222 _bGRE |
| 100 | 1 |
_aGregory, Philippa, _eauthor. _934137 |
|
| 245 | 1 | 4 |
_aThe constant princess / _cPhilippa Gregory. |
| 264 | 1 |
_aLondon : _bHarper, _c2011. |
|
| 300 |
_a490 pages ; _c20 cm. |
||
| 336 |
_2rdacontent _atext _btxt |
||
| 337 |
_2rdamedia _aunmediated _bn |
||
| 338 |
_2rdacarrier _avolume _bnc |
||
| 490 | 0 |
_aThe tudor court novels ; _v1 |
|
| 500 | _aOriginally published: London: HarperCollins, 2005. | ||
| 504 | _aIncludes bibliographical references. | ||
| 600 | 0 | 7 |
_aCatharine, _cof Aragon, Queen, consort of Henry VIII, King of England, _d1485-1536 _vFiction. _2BUEsh _934138 |
| 650 | 7 |
_aQueens _zGreat Britain _vFiction. _934139 _2BUEsh |
|
| 651 | 7 |
_aGreat Britain _xHistory _yTudors, 1485-1603 _vFiction. _921875 _2BUEsh |
|
| 653 |
_cOctober2013 _dBestSellers |
||
| 655 | 0 |
_aHistorical fiction. _vReading book |
|
| 942 |
_2ddc _cBB |
||
| 999 |
_c17660 _d17632 |
||